| 000 | 01152cam a22003135a 4500 | ||
|---|---|---|---|
| 001 | 13711695 | ||
| 005 | 20230322103004.0 | ||
| 008 | 040907s2001 enka b 001 0 eng d | ||
| 010 | _a 2004315746 | ||
| 015 | _aGBA2-32311 | ||
| 020 | _a0750650818 (pbk.) | ||
| 035 | _a(OCoLC)ocm46812553 | ||
| 040 |
_aEUN _cEUN _dSNN _dUKM _dDLC |
||
| 042 | _alccopycat | ||
| 082 |
_a629 _bMOR |
||
| 100 | 1 |
_aMorris, Alan S., _d1948- _9111016 |
|
| 245 | 1 | 0 |
_aMeasurement and instrumentation principles / _cAlan S. Morris. |
| 246 | 1 | 4 | _aMeasurement & instrumentation principles |
| 260 |
_aOxford [England] ; _aBoston : _bButterworth-Heinemann, _c2001. |
||
| 300 |
_axix, 475 p. : _bill. ; _c25 cm. |
||
| 504 | _aIncludes bibliographical references and index. | ||
| 650 | 0 | _aEngineering instruments. | |
| 650 | 0 |
_aEngineering _xMeasurement. _9111017 |
|
| 856 | 4 | 1 |
_3Table of contents _uhttp://www.loc.gov/catdir/toc/els051/2004315746.html |
| 856 | 4 | 2 |
_3Publisher description _uhttp://www.loc.gov/catdir/description/els051/2004315746.html |
| 906 |
_a0 _bibc _ccopycat _d2 _encip _f20 _gy-gencatlg |
||
| 942 |
_2ddc _cBK |
||
| 999 |
_c594028 _d594028 |
||